[Event "Moscow-ch 1/2 final"]
[Site "Moscow"]
[Date "2002.??.??"]
[Round "5"]
[White "Shorokhov, Alexandr"]
[Black "Dragomarezkij, Evgeni"]
[Result "1-0"]
[WhiteElo "2313"]
[BlackElo "2468"]
[PlyCount "86"]
[EventDate "2002.03.??"]
[EventType "swiss"]
[EventRounds "11"]
[EventCountry "RUS"]
[SourceTitle "EXT 2003"]
[Source "ChessBase"]
[SourceDate "2002.11.25"]
[SourceVersion "1"]
[SourceVersionDate "2002.11.25"]
[SourceQuality "1"]

1. e4 c5 2. Nc3 g6 3. f4 Bg7 4. Nf3 Nc6 5. Bb5 Nd4 6. 0-0 Nxb5 7. Nxb5 d6 8. d3 Bd7 9. a4 Bxb5 10. axb5 Nf6 11. c4 0-0 12. Bd2 e6 13. Bc3 Ng4 14. Bxg7 Kxg7 15. Qe1 a6 16. h3 Nf6 17. Ra5 Nh5 18. Nh2 f5 19. Qc3+ Kg8 20. bxa6 Ng3 21. Re1 fxe4 22. dxe4 Rxf4 23. Ng4 h5 24. axb7 Rxa5 25. Qxg3 Rf8 26. Ne5 dxe5 27. Qxg6+ Kh8 28. Qxh5+ Kg8 29. Qg6+ Kh8 30. Qh5+ Kg7 31. Re3 Qd4 32. Qg5+ Kf7 33. Kh2 Qxe3 34. Qxe3 Rb8 35. b4 Ra2 36. Qxc5 Rxb7 37. b5 Rc2 38. b6 Rd7 39. Qxe5 Rdd2 40. Qg3 Rb2 41. b7 e5 42. Qg5 Re2 43. Qh5+ Ke6 1-0

[Event "Moscow-ch 1/2 final"]
[Site "Moscow"]
[Date "2002.??.??"]
[Round "8"]
[White "Shorokhov, Alexandr"]
[Black "Mitenkov, Alexey"]
[Result "1/2-1/2"]
[WhiteElo "2313"]
[BlackElo "2428"]
[PlyCount "74"]
[EventDate "2002.03.??"]
[EventType "swiss"]
[EventRounds "11"]
[EventCountry "RUS"]
[SourceTitle "EXT 2003"]
[Source "ChessBase"]
[SourceDate "2002.11.25"]
[SourceVersion "1"]
[SourceVersionDate "2002.11.25"]
[SourceQuality "1"]

1. e4 c5 2. Nc3 d6 3. f4 Nc6 4. Nf3 g6 5. Bb5 Bd7 6. 0-0 Bg7 7. d3 Nf6 8. h3 0-0 9. a4 Nd4 10. Bc4 Bc6 11. Ba2 d5 12. e5 Nxf3+ 13. Rxf3 Ne8 14. d4 cxd4 15. Qxd4 Nc7 16. Rd3 e6 17. Qf2 f6 18. exf6 Qxf6 19. Be3 Rad8 20. Rad1 d4 21. Rxd4 Rxd4 22. Rxd4 Kh8 23. Rd2 e5 24. Bc5 Re8 25. Bd6 e4 26. Qe3 Ne6 27. Be5 Qh4 28. Rd6 Bxe5 29. fxe5 Ng7 30. g4 Rxe5 31. b4 Ne8 32. Rd2 Nf6 33. b5 Be8 34. Nd1 Kg7 35. Rg2 Qg5 36. Qxg5 Rxg5 37. Ne3 Bf7 1/2-1/2

[Event "Moscow-ch"]
[Site "Moscow"]
[Date "2002.??.??"]
[Round "1"]
[White "Shorokhov, Alexandr"]
[Black "Rustemov, Alexander"]
[Result "0-1"]
[WhiteElo "2313"]
[BlackElo "2620"]
[PlyCount "90"]
[EventDate "2002.??.??"]
[EventType "k.o."]
[EventRounds "5"]
[EventCountry "RUS"]
[SourceTitle "EXT 2003"]
[Source "ChessBase"]
[SourceDate "2002.11.25"]
[SourceVersion "1"]
[SourceVersionDate "2002.11.25"]
[SourceQuality "1"]

1. e4 e6 2. d3 d5 3. Nd2 Nf6 4. Ngf3 a5 5. c3 a4 6. g3 c5 7. Bg2 Nc6 8. 0-0 Be7 9. Re1 0-0 10. e5 Nd7 11. Nf1 b5 12. h4 Nb6 13. Bg5 c4 14. d4 a3 15. b3 b4 16. cxb4 Nxb4 17. Ne3 Nd3 18. Rf1 h6 19. Bxe7 Qxe7 20. Nd2 Ba6 21. Qh5 cxb3 22. Nxb3 Nb4 23. Rfd1 Bd3 24. f4 Bg6 25. Qf3 Rac8 26. Qf2 Nc4 27. Nxc4 Rxc4 28. g4 f6 29. exf6 Qxf6 30. h5 Bh7 31. Qe2 Rc2 32. Rd2 Bd3 33. Qe3 Qxf4 34. Qxe6+ Kh8 35. Rad1 Bc4 36. g5 Rxd2 37. Nxd2 Qxd4+ 38. Kh1 Qh4+ 39. Kg1 Qxh5 40. Nf3 Nd3 41. Qd6 Re8 42. Rf1 hxg5 43. Qd7 Nf4 44. Rb1 g4 45. Rb7 Rg8 0-1

[Event "RUS-chT U18"]
[Site "Orsk"]
[Date "2002.??.??"]
[Round "?"]
[White "Shorokhov, Alexandr"]
[Black "Vitiugov, Nikita"]
[Result "1/2-1/2"]
[WhiteElo "2407"]
[BlackElo "2408"]
[PlyCount "69"]
[EventDate "2002.??.??"]
[EventType "team"]
[EventRounds "9"]
[EventCountry "RUS"]
[SourceTitle "EXT 2003"]
[Source "ChessBase"]
[SourceDate "2002.11.25"]
[SourceVersion "1"]
[SourceVersionDate "2002.11.25"]
[SourceQuality "1"]

1. e4 c5 2. Nf3 e6 3. d3 Nc6 4. Nbd2 d5 5. g3 Nf6 6. Bg2 g6 7. 0-0 Bg7 8. Re1 0-0 9. c3 Kh8 10. Qe2 e5 11. Nb3 b6 12. Bg5 d4 13. cxd4 cxd4 14. Rac1 Bd7 15. Rxc6 Bxc6 16. Nxe5 Ba4 17. Ng4 h5 18. e5 hxg4 19. Bxa8 Re8 20. Bg2 Qd7 21. Qd2 Nh7 22. Bf4 Nf8 23. Bh6 Bxb3 24. axb3 Qf5 25. Re4 Ne6 26. h3 Nc5 27. Rf4 Qxe5 28. Kh2 Nxb3 29. Bxg7+ Kxg7 30. Qd1 Nc5 31. b4 Ne6 32. Qa4 Re7 33. Re4 Qf5 34. Qa2 Qb5 35. Qd2 1/2-1/2

[Event "Baku BP Cup U18-C"]
[Site "Baku"]
[Date "2001.??.??"]
[Round "?"]
[White "Gogochuri, Levan"]
[Black "Shorokhov, Alexandr"]
[Result "0-1"]
[WhiteElo "2116"]
[BlackElo "2313"]
[PlyCount "116"]
[EventDate "2001.??.??"]
[EventType "tourn"]
[EventRounds "5"]
[EventCountry "AZE"]
[SourceTitle "EXT 2002"]
[Source "ChessBase"]
[SourceDate "2001.11.25"]
[SourceVersion "1"]
[SourceVersionDate "2001.11.25"]
[SourceQuality "1"]

1. e4 e6 2. d3 d5 3. Nd2 Nf6 4. Ngf3 c5 5. g3 Nc6 6. Bg2 b6 7. 0-0 Bb7 8. e5 Nd7 9. Re1 Be7 10. Nf1 Qc7 11. Qe2 h6 12. h4 0-0-0 13. c3 Ba6 14. a3 c4 15. d4 Na5 16. N1d2 Bb7 17. Rb1 Kb8 18. Nf1 b5 19. N1h2 Nb6 20. Be3 Nc6 21. Nd2 a5 22. h5 Ba6 23. f4 b4 24. axb4 axb4 25. Nhf3 Kb7 26. Rec1 Ra8 27. Bh3 Qd7 28. Qf2 Rhc8 29. Ne1 g6 30. hxg6 fxg6 31. Qf3 h5 32. g4 Rh8 33. Ng2 Bb5 34. Ra1 Rxa1 35. Rxa1 Na4 36. Rb1 bxc3 37. bxc3 Nxc3 38. Rc1 Bb4 39. g5 Kc7 40. Nh4 Ne7 41. f5 exf5 42. Bf4 Qe6 43. Rxc3 Qb6 44. Qe3 Ra8 45. Nhf3 Bxc3 46. Qxc3 Qa5 47. Qe3 Nc6 48. e6+ Kb6 49. Ne5 Qa1+ 50. Kh2 Ra3 51. Nd7+ Ka7 52. Bb8+ Nxb8 53. Qf4 Rxh3+ 54. Kxh3 Qh1+ 55. Kg3 Qg1+ 56. Kf3 Qg4+ 57. Ke3 Qxf4+ 58. Kxf4 Bxd7 0-1

[Event "RUS-ch U14"]
[Site "Smolensk"]
[Date "2001.??.??"]
[Round "?"]
[White "Shorokhov, Alexandr"]
[Black "Sirotine, Konstantin"]
[Result "0-1"]
[WhiteElo "2313"]
[BlackElo "2104"]
[PlyCount "68"]
[EventDate "2001.??.??"]
[EventType "swiss"]
[EventRounds "11"]
[EventCountry "RUS"]
[SourceTitle "EXT 2002"]
[Source "ChessBase"]
[SourceDate "2001.11.25"]
[SourceVersion "1"]
[SourceVersionDate "2001.11.25"]
[SourceQuality "1"]

1. e4 e6 2. d4 d5 3. Nd2 Nf6 4. e5 Nfd7 5. f4 c5 6. c3 Nc6 7. Ndf3 Qb6 8. g3 cxd4 9. cxd4 Be7 10. Kf2 f6 11. Kg2 0-0 12. Bd3 a5 13. Ne2 a4 14. Qc2 h6 15. Nh4 f5 16. Ng6 Rf7 17. Nxe7+ Rxe7 18. Qc3 Nf8 19. Be3 Nb4 20. Bb1 Rc7 21. Qd2 a3 22. Rc1 Nd3 23. b3 Nxc1 24. Nxc1 Bd7 25. Nd3 Bb5 26. Qb4 Qc6 27. Bd2 Qa6 28. Nf2 Rac8 29. h3 Ng6 30. g4 Bf1+ 31. Kg3 Ne7 32. Qd6 Rc3+ 33. Kh4 Qe2 34. Qxe7 Rxh3+ 0-1

[Event "RUS-ch U14"]
[Site "Smolensk"]
[Date "2001.??.??"]
[Round "?"]
[White "Verzhansky, Alexander"]
[Black "Shorokhov, Alexandr"]
[Result "0-1"]
[WhiteElo "2016"]
[BlackElo "2313"]
[PlyCount "62"]
[EventDate "2001.??.??"]
[EventType "swiss"]
[EventRounds "11"]
[EventCountry "RUS"]
[SourceTitle "EXT 2002"]
[Source "ChessBase"]
[SourceDate "2001.11.25"]
[SourceVersion "1"]
[SourceVersionDate "2001.11.25"]
[SourceQuality "1"]

1. e4 e6 2. d4 d5 3. Nd2 Nf6 4. e5 Nfd7 5. Bd3 c5 6. c3 Nc6 7. Ne2 Qb6 8. Nf3 cxd4 9. cxd4 f6 10. exf6 Nxf6 11. 0-0 Bd6 12. Re1 0-0 13. Nc3 Kh8 14. Bb1 Bd7 15. a3 Rae8 16. Qd3 Ne7 17. Ne5 Nf5 18. Nxd7 Nxd7 19. g4 Qxd4 20. gxf5 Qg4+ 21. Kh1 Nc5 22. Qd1 Qh4 23. f4 Nb3 24. fxe6 Nxa1 25. Nxd5 Nb3 26. Re2 Qh5 27. e7 Bxe7 28. Be3 Bc5 29. Qd3 Nd4 30. Rg2 Ne6 31. Bd2 Qd1+ 0-1